Catalog

Record Details

Catalog Search



Liberation road a novel of World War II and the Red Ball Express  Cover Image CD Audiobook CD Audiobook

Liberation road [sound recording] : a novel of World War II and the Red Ball Express / by David L. Robbins.

Robbins, David L., 1954- (Author). Guidall, George. (Added Author).

Summary:

Liberation Road is a riveting tale of combat, race relations and fate set after the Normandy invasion of World War II. As the Allies march toward German-occupied Paris, the trucks of the Red Ball Express race to keep the troops supplied. Driving one truck is Joe Amos, a soldier who wants to fight on the front lines, but is denied by the color of his skin.

Record details

  • ISBN: 9781419348778
  • ISBN: 1419348779
  • Physical Description: 14 sound discs (17 hr.) : digital ; 4 3/4 in.
  • Edition: Unabridged.
  • Publisher: Prince Frederick, Md. : Recorded Books, p2005.

Content descriptions

Participant or Performer Note:
Performed by George Guidall.
System Details Note:
Compact disc.
Subject: World War, 1939-1945 > African Americans > Fiction.
World War, 1939-1945 > Transportation > Fiction.
World War, 1939-1945 > France > Fiction.
Military chaplains > Judaism > Fiction.
African American men > Fiction.
Americans > France > Fiction.
Cotentin (France) > Fiction.
Truck drivers > Fiction.
Jewish men > Fiction.
Traitors > Fiction.
Rabbis > Fiction.
Audiobooks.

Available copies

  • 1 of 1 copy available at scottsboropl.

Holds

  • 0 current holds with 1 total copy.
Show Only Available Copies
Location Call Number / Copy Notes Barcode Shelving Location Status Due Date
scottsboropl BK/CD Rob 32269000796733 Adult - Audiobook Available -

LDR 01943cim a2200457La 4500
001130056
003CONS
00520160125112724.0
007sd fungnnmmned
008050908s2005 mdunnn f eng d
020 . ‡a9781419348778
020 . ‡a1419348779
02802. ‡aC3361 ‡bRecorded Books
035 . ‡a(CPomAG)LMN499962
043 . ‡ae-fr---
05014. ‡aPS3568.O22289 ‡bL53 2005c
08204. ‡a813/.54 ‡222
1001 . ‡aRobbins, David L., ‡d1954-
24510. ‡aLiberation road ‡h[sound recording] : ‡ba novel of World War II and the Red Ball Express / ‡cby David L. Robbins.
250 . ‡aUnabridged.
260 . ‡aPrince Frederick, Md. : ‡bRecorded Books, ‡cp2005.
300 . ‡a14 sound discs (17 hr.) : ‡bdigital ; ‡c4 3/4 in.
538 . ‡aCompact disc.
5110 . ‡aPerformed by George Guidall.
520 . ‡aLiberation Road is a riveting tale of combat, race relations and fate set after the Normandy invasion of World War II. As the Allies march toward German-occupied Paris, the trucks of the Red Ball Express race to keep the troops supplied. Driving one truck is Joe Amos, a soldier who wants to fight on the front lines, but is denied by the color of his skin.
650 0. ‡aWorld War, 1939-1945 ‡xAfrican Americans ‡vFiction.
650 0. ‡aWorld War, 1939-1945 ‡xTransportation ‡vFiction.
650 0. ‡aWorld War, 1939-1945 ‡zFrance ‡vFiction.
650 0. ‡aMilitary chaplains ‡xJudaism ‡vFiction.
650 0. ‡aAfrican American men ‡vFiction.
650 0. ‡aAmericans ‡zFrance ‡vFiction.
651 0. ‡aCotentin (France) ‡vFiction.
650 0. ‡aTruck drivers ‡vFiction.
650 0. ‡aJewish men ‡vFiction.
650 0. ‡aTraitors ‡vFiction.
650 0. ‡aRabbis ‡vFiction.
650 0. ‡aAudiobooks.
7001 . ‡aGuidall, George.
914 . ‡aSCP_ds
959 . ‡i32269000796733 ‡lBK/CD Rob ‡aAdult - Audiobook ‡tAudiobook ‡g123.75
852 . ‡p32269000796733 ‡jBK/CD Rob ‡gAdult - Audiobook ‡cAudiobook ‡y123.75 ‡bSBPL
901 . ‡a130056 ‡bUnknown ‡c130056 ‡tbiblio

Additional Resources